000 01217ngm a2200241 a 4500
005 20250410063749.0
008 010704s1995 mx 028 aaspa d
035 _aUPN01000109212
049 _aAV
050 4 _aPVI L 866
245 0 4 _aLas buenas intenciones.
260 _aMéxico :
_bUPN :
_bUNAM, TV,
_c1995.
300 _a1 videocasete (VHS) (28 min.) :
_bson., col.
440 3 _aEl aula sin muros ;
_v1
501 _aPublicado con: Al filo del agua : la educación al final del porfiriato
520 _aEn "Las buenas intenciones", se describe la situación de la educación en México a finales del siglo XIX, a través de testimonios de alumnos que aprendieron a leer y escribir con métodos tan revolucionarios como lo fueron los empleados por los maestros Rébsamen y Laubscher. En "Al filo del agua" se narra la participación de los normalistas al juicio de la Revolución, sus condiciones económicas y sociales
650 2 _aEducación
_zMéxico
_xHistoria
_ySiglo XIX
_912878
650 2 _aMaestros -
_zMéxico -
_xHistoria
_9834
700 1 _aRébsamen, Enrique Conrado,
_d1857-1904
700 1 _aLaubscher, Enrique,
_d1837-1900
_928960
740 0 _aAl filo del agua :...
905 _aAudiovisuales
999 _c83123
_d83123